| 000 | 00685nam a22001817a 4500 | ||
|---|---|---|---|
| 999 |
_c177087 _d177087 |
||
| 005 | 20210215111736.0 | ||
| 010 | _aENG-129015 | ||
| 020 |
_c225.00 _a9788194746690 |
||
| 035 | _aEN-112547 | ||
| 037 | _bDBAD/PUB | ||
| 082 | _a305.56 | ||
| 100 | _aMenon, Deepthi | ||
| 245 |
_aRevisting Margins and Rewriting Gender: Minoritarian Paradigms in Devaki Nilayamgod's Memories/ _cDeepthi Menon _b |
||
| 260 |
_bGmotivation - an imprint of green books private limited _c2020 |
||
| 270 |
_aGB Buliding , Civil Lane Road , Ayyanthole ,Thrissur _bKerala _e680003 _k487-2381066 _minfo@greenbooksindia.com |
||
| 300 |
_a184p. _b22cm(pbk) |
||
| 942 |
_2ddc _cEN _h305.56 _mMEN |
||